Digitálne platformy: súťažné právo verzus regulácia ex ante
Pojem digitálna platforma a jej typológia. Súťažné výzvy na digitálnom trhu. Vzájomný vzťah medzi súťažným právom a reguláciou ako osobitný problém digitalizácie ekonomiky. Príklady, ako je možné riešiť problémy súvisiace s digitálnymi platformami prostredníctvom súťažného práva v rámci rozhodovacej...
Salvato in:
| Autore principale: | |
|---|---|
| Altri autori: | |
| Natura: | Capitolo di libro |
| Lingua: | slovacco |
| Soggetti: | |
| Tags: |
Nessun Tag, puoi essere il primo ad aggiungerne!!
|
MARC
| LEADER | 00000naa a2200000 4500 | ||
|---|---|---|---|
| 001 | 0272759 | ||
| 005 | 20230313092952.5 | ||
| 041 | 0 | |a slo | |
| 044 | |a SK | ||
| 245 | 1 | 0 | |a Digitálne platformy: súťažné právo verzus regulácia ex ante |c Katarína Kalesná, Mária Patakyová |
| 520 | |a Pojem digitálna platforma a jej typológia. Súťažné výzvy na digitálnom trhu. Vzájomný vzťah medzi súťažným právom a reguláciou ako osobitný problém digitalizácie ekonomiky. Príklady, ako je možné riešiť problémy súvisiace s digitálnymi platformami prostredníctvom súťažného práva v rámci rozhodovacej praxe (Facebook a Google Shopping). | ||
| 610 | 2 | 0 | |a inovácie technologické |
| 610 | 2 | 0 | |a platformy digitálne |
| 610 | 2 | 0 | |a digitalizácia |
| 610 | 2 | 0 | |a súťaž hospodárska |
| 610 | 2 | 0 | |a právo súťažné |
| 610 | 2 | 0 | |a ochrana spotrebiteľa |
| 100 | 1 | |a Kalesná, Katarína | |
| 700 | 1 | |a Patakyová, Mária | |